00651nam a2200205Ia 4500008004100000020001500041082002600056100003800082245007800120250001800198260006500216260000900281260000900290300001000299500004300309650002700352650002500379650001000404650003100414260312s9999 xx 000 0 und d aD.L. 74418 a344.022 N790 1990 HNA aAsociación Chilena de Seguridad 0aNormas legales sobre accidentes del trabajo y enfermedades profesionales. a2a. edición aAlfredo Grasset M., editor Juan Alberto Alcalde H., editor bs.l. c1990 a203p. aColección Humberto Nogueira Alcalá aAccidentes del trabajo aAspectos jurídicos aChile aEnfermedades ocupacionales